|
|
|
|
| LEADER |
01182cam a2200301 7i4500 |
| 001 |
0000082819 |
| 005 |
20240715090000.0 |
| 020 |
|
|
|a 9781315271231 (electronic book)
|
| 090 |
0 |
0 |
|a HM1221
|b .P99 2018
|
| 245 |
0 |
0 |
|a Public relations and social theory :
|b key figures, concepts and developments
|c edited by Oyvind Ihlen and Magnus Fredriksson.
|
| 250 |
|
|
|a Second edition.
|
| 264 |
|
|
|a New York, NY:
|b Routledge,
|c 2018.
|
| 300 |
|
|
|a 1 online resource (xi, 454 pages):
|b text file, PDF.
|
| 336 |
|
|
|a text
|2 rdacontent
|
| 337 |
|
|
|a computer
|2 rdamedia
|
| 338 |
|
|
|a online resource
|2 rdacarrier
|
| 490 |
0 |
|
|a Routledge communication series
|
| 650 |
|
0 |
|a Social scientists
|
| 650 |
|
0 |
|a Public relations --
|x Evaluation
|
| 650 |
|
0 |
|a Social sciences --
|x Philosophy
|
| 650 |
|
0 |
|a Public relations --
|x Research
|
| 655 |
|
0 |
|a Electronic books
|
| 700 |
1 |
|
|a Fredriksson, Magnus
|
| 700 |
1 |
|
|a Ihlen, Oyvind
|
| 856 |
4 |
2 |
|u http://library.unisel.edu.my/web/guest/mylibrary
|
| 997 |
|
|
|a Communication, Visual Art & Computing, Faculty
|b Communication, Department
|
| 998 |
|
|
|a Communication (Corporate Communication), Degree
|
| 999 |
|
|
|a EBO0023232
|b EBOOK
|c EBOOK
|e Electronic resources
|